Music Quiz

Random Music or Song Quiz

The Thermals album tracks Quiz Stats

 Plays Quiz not verified by Sporcle

Support Sporcle.
Go Orange.
Score 0/56 Timer 10:00
0 Plays Today
Album Song % Correct
The Body, The Blood, The Machine (2006)A Pillar of Salt
100%
The Body, The Blood, The Machine (2006)Here's Your Future
85.7%
The Body, The Blood, The Machine (2006)I Might Need You to Kill
85.7%
Now We Can See (2009)Now We Can See
85.7%
The Body, The Blood, The Machine (2006)Test Pattern
71.4%
Now We Can See (2009)When I Died
71.4%
Now We Can See (2009)When We Were Alive
71.4%
Now We Can See (2009)Liquid In, Liquid Out
71.4%
Personal Life (2010)I'm Gonna Change Your Life
71.4%
Personal Life (2010)Your Love Is So Strong
71.4%
More Parts Per Million (2003)No Culture Icons
57.1%
The Body, The Blood, The Machine (2006)Returning to the Fold
57.1%
The Body, The Blood, The Machine (2006)St Rosa and the Swallows
57.1%
The Body, The Blood, The Machine (2006)Back to the Sea
57.1%
Now We Can See (2009)We Were Sick
57.1%
More Parts Per Million (2003)It's Trivia
42.9%
The Body, The Blood, The Machine (2006)An Ear For Baby
42.9%
The Body, The Blood, The Machine (2006)Power Doesn't Run on Nothing
42.9%
The Body, The Blood, The Machine (2006)I Hold the Sound
42.9%
Now We Can See (2009)I Let It Go
42.9%
Now We Can See (2009)At the Bottom of the Sea
42.9%
Now We Can See (2009)I Called Out Your Name
42.9%
Now We Can See (2009)When I Was Afraid
42.9%
Now We Can See (2009)How We Fade
42.9%
Now We Can See (2009)You Dissolve
42.9%
Personal Life (2010)I Don't Believe You
42.9%
Personal Life (2010)Never Listen to Me
42.9%
Personal Life (2010)Not Like Any Other Feeling
42.9%
Album Song % Correct
Personal Life (2010)Power Lies
42.9%
Personal Life (2010)Only For You
42.9%
Personal Life (2010)Alone, a Fool
42.9%
Personal Life (2010)A Reflection
42.9%
Personal Life (2010)You Changed My Life
42.9%
More Parts Per Million (2003)Brace and Break
28.6%
More Parts Per Million (2003)Goddamn the Light
28.6%
More Parts Per Million (2003)Out of the Old and Thin
28.6%
More Parts Per Million (2003)I Know the Pattern
28.6%
More Parts Per Million (2003)Time to Lose
28.6%
More Parts Per Million (2003)My Little Machine
28.6%
More Parts Per Million (2003)Overgrown, Overblown!
28.6%
More Parts Per Million (2003)A Passing Feeling
28.6%
More Parts Per Million (2003)Back to Gray
28.6%
More Parts Per Million (2003)Born Dead
28.6%
More Parts Per Million (2003)An Endless Supply
28.6%
F*ckin A (2004)Our Trip
28.6%
F*ckin A (2004)Every Stitch
28.6%
F*ckin A (2004)How We Know
28.6%
F*ckin A (2004)When You're Thrown
28.6%
F*ckin A (2004)Remember Today
28.6%
F*ckin A (2004)A Stare Like Yours
28.6%
F*ckin A (2004)Let Your Earth Quake, Baby
28.6%
F*ckin A (2004)God and Country
28.6%
F*ckin A (2004)End to Begin
28.6%
F*ckin A (2004)Forward
28.6%
F*ckin A (2004)Keep Time
28.6%
F*ckin A (2004)Top of the Earth
28.6%

You're not logged in!

Compare scores with friends on all Sporcle quizzes.
OR
Log In

From the Vault

Where's My Border Gone? (Africa)

by SporcleEXP

We swear they were JUST here.
Remove Ads.
Support Sporcle.
Get the best of Sporcle when you Go Orange. This ad-free experience offers more features, more stats, and more fun while also helping to support Sporcle. Thank you for becoming a member.

Show Comments

Extras

Created Mar 25, 2012ReportNominate
Tags:Album Quiz, Song Quiz, track

Top Quizzes Today


Score Distribution

Your Account Isn't Verified!

In order to create a playlist on Sporcle, you need to verify the email address you used during registration. Go to your Sporcle Settings to finish the process.

Report this User

Report this user for behavior that violates our Community Guidelines.

Details: